000 00558nam a22002057a 4500
005 20151230095516.0
008 070607s2009 maua b 001 0 eng
020 _a9780072974164
020 _a0072974168
041 0 _aeng
080 _a004
100 1 _aSkrien, Dale John.
245 1 0 _aObject-oriented design using Java /
_cDale Skrien.
260 _aBoston :
_bMcGraw-Hill Higher Education,
_c2009.
300 _a340 f. :
_bme il.;
_c24 cm.
505 _aIndex: f. 333 - 340
650 0 _aKompjuterat
650 0 _aGjuha programuese
942 _2udc
_cBK
999 _c788
_d788